[Event "37. Copenhagen Open (Politiken Cup)"]
[Site "Elsinore"]
[Date "2015.07.27"]
[Round "4"]
[White "Henningsen, Lasse"]
[Black "Lund, Gunnar"]
[Result "1/2-1/2"]
[WhiteElo "1960"]
[BlackElo "1765"]
[PlyCount "134"]
[EventDate "2015.07.25"]
[EventType "swiss"]
[EventRounds "10"]
[EventCountry "DEN"]
[Source "ChessBase"]
[SourceDate "2015.09.14"]

1. d4 d5 2. c4 e6 3. Nc3 Nf6 4. e3 Be7 5. Nf3 O-O 6. Bd3 b6 7. cxd5 Nxd5 8. e4
Nxc3 9. bxc3 Ba6 10. Bxa6 Nxa6 11. O-O c5 12. Qa4 Qc8 13. Be3 Qb7 14. Rab1 Rac8
15. d5 exd5 16. exd5 Bd6 17. c4 Nb8 18. Qc2 Nd7 19. Bd2 Ne5 20. Nxe5 Bxe5 21.
Bc3 Bd6 22. a4 Qe7 23. Rfe1 Qh4 24. Be5 Bxe5 25. Rxe5 Rce8 26. Rbe1 Rxe5 27.
Rxe5 Qd4 28. Re1 a6 29. h3 b5 30. cxb5 axb5 31. axb5 Qxd5 32. Rd1 Qe5 33. Qc4
h6 34. b6 Rb8 35. Qb5 Qe6 36. b7 Qe4 37. Rb1 c4 38. Rb4 Qe6 39. Ra4 Kh7 40.
Qb1+ g6 41. Ra8 Qe5 42. Rxb8 Qxb8 43. Kf1 c3 44. Qb3 c2 45. Qxf7+ Kh8 46. Qf6+
Kh7 47. Qe7+ Kh8 48. Qc5 Qxb7 49. Qxc2 Kh7 50. h4 Qd7 51. Kg1 h5 52. Qe4 Kg7
53. f3 Qd6 54. Qe1 Qd4+ 55. Kh2 Qf4+ 56. Qg3 Qf6 57. Qg5 Qe6 58. f4 Qa6 59. f5
Qd6+ 60. g3 Qf6 61. Qxf6+ Kxf6 62. fxg6 Kxg6 63. Kg2 Kf6 64. Kf2 Ke6 65. Ke2
Kf6 66. Kf3 Kf5 67. g4+ hxg4+ 1/2-1/2

[Event "37. Copenhagen Open (Politiken Cup)"]
[Site "Elsinore"]
[Date "2015.07.27"]
[Round "4"]
[White "Henrichsen, Jens"]
[Black "Rosenkilde, Alexander"]
[Result "0-1"]
[WhiteElo "2047"]
[BlackElo "2225"]
[PlyCount "83"]
[EventDate "2015.07.25"]
[EventType "swiss"]
[EventRounds "10"]
[EventCountry "DEN"]
[Source "ChessBase"]
[SourceDate "2015.09.14"]

1. d4 Nf6 2. Nf3 e6 3. c4 b6 4. g3 Bb7 5. Bg2 Bb4+ 6. Bd2 Be7 7. O-O O-O 8. Nc3
d5 9. Ne5 c6 10. Bf4 Nh5 11. Bc1 f6 12. Nf3 f5 13. Ne5 Nf6 14. b3 Nbd7 15. Nd3
Re8 16. Bb2 Bd6 17. e3 Rc8 18. Rc1 Qe7 19. Nb1 a5 20. Nd2 Ba6 21. Nf3 Ne4 22.
Nfe5 Nxe5 23. Nxe5 Red8 24. f3 Bxe5 25. fxe4 dxe4 26. Rf2 c5 27. Rd2 cxd4 28.
Bxd4 Bxd4 29. Rxd4 e5 30. Rxd8+ Rxd8 31. Qe1 Qc5 32. Qf2 g6 33. Rf1 Rd3 34.
Bxe4 Rxe3 35. Bd5+ Kg7 36. Kg2 Rd3 37. Qb2 Qd4 38. Qa3 Rd2+ 39. Kh1 Qc5 40. Qa4
Rxd5 41. cxd5 Bxf1 42. b4 0-1

[Event "37. Copenhagen Open (Politiken Cup)"]
[Site "Elsinore"]
[Date "2015.07.27"]
[Round "4"]
[White "Hillarp Persson, Tiger"]
[Black "Holm, Kristian Stuvik"]
[Result "1-0"]
[WhiteElo "2563"]
[BlackElo "2398"]
[PlyCount "93"]
[EventDate "2015.07.25"]
[EventType "swiss"]
[EventRounds "10"]
[EventCountry "DEN"]
[Source "ChessBase"]
[SourceDate "2015.09.14"]

1. b3 e5 2. Bb2 Nc6 3. e3 g6 4. f4 d6 5. Nf3 Bg7 6. Bc4 Nh6 7. O-O O-O 8. fxe5
dxe5 9. e4 Nd4 10. h3 Kh8 11. d3 f5 12. Nbd2 Qe7 13. a4 Bd7 14. c3 Nxf3+ 15.
Nxf3 Nf7 16. Ba3 Nd6 17. Qe2 Rae8 18. Rae1 fxe4 19. dxe4 Bc6 20. Rd1 Rd8 21.
Bd5 Bh6 22. c4 Bg7 23. Qe3 Bxd5 24. Rxd5 c6 25. Rd3 b6 26. Rfd1 c5 27. Rd5 Nf7
28. Bb2 Rxd5 29. Rxd5 Rd8 30. Qd3 Rd6 31. Kf2 Kg8 32. Ke3 Bh6+ 33. Ke2 Bg7 34.
Rxd6 Qxd6 35. Qxd6 Nxd6 36. Bxe5 Bxe5 37. Nxe5 Nxe4 38. Nc6 Kf7 39. Nxa7 Nd6
40. Nb5 Nf5 41. Kd3 Ke6 42. Nc7+ Kd7 43. Nd5 Kc6 44. g4 Ng3 45. Nf6 h5 46. Ke3
hxg4 47. hxg4 1-0

[Event "37. Copenhagen Open (Politiken Cup)"]
[Site "Elsinore"]
[Date "2015.07.27"]
[Round "4"]
[White "Hinrichs, Kurt"]
[Black "Jorgensen, Morten"]
[Result "0-1"]
[WhiteElo "1268"]
[BlackElo "1602"]
[PlyCount "72"]
[EventDate "2015.07.25"]
[EventType "swiss"]
[EventRounds "10"]
[EventCountry "DEN"]
[Source "ChessBase"]
[SourceDate "2015.09.14"]

1. d4 d5 2. Bf4 Nf6 3. e3 c5 4. c4 e6 5. Nc3 a6 6. Nf3 Nbd7 7. Bd3 dxc4 8. Bxc4
cxd4 9. exd4 Bb4 10. O-O O-O 11. Re1 Nh5 12. Bd2 Nhf6 13. a3 Ba5 14. Bd3 Bc7
15. Ne4 Nxe4 16. Bxe4 Nf6 17. Bc3 Nxe4 18. Rxe4 Qd5 19. Qc2 f5 20. Re3 Bf4 21.
Rd3 Bd7 22. a4 Rac8 23. Ra3 Bc6 24. Qb3 Qe4 25. Qc2 Rcd8 26. Qd1 Qd5 27. Qc2
Rc8 28. Qb3 Qe4 29. Qc2 Bd5 30. b3 Rc7 31. Kh1 Rfc8 32. b4 Bc4 33. Rd2 Bxd2 34.
Qxe4 fxe4 35. Nxd2 Bd3 36. Bb2 Rc2 0-1

[Event "37. Copenhagen Open (Politiken Cup)"]
[Site "Elsinore"]
[Date "2015.07.27"]
[Round "4"]
[White "Hjornevik, Knut Jarle"]
[Black "Agovic, Sejfo"]
[Result "1/2-1/2"]
[WhiteElo "1958"]
[BlackElo "1699"]
[PlyCount "168"]
[EventDate "2015.07.25"]
[EventType "swiss"]
[EventRounds "10"]
[EventCountry "DEN"]
[Source "ChessBase"]
[SourceDate "2015.09.14"]

1. d4 Nf6 2. c4 c5 3. d5 d6 4. Nc3 g6 5. e4 Bg7 6. h3 O-O 7. Nf3 Bd7 8. Bd3 Na6
9. a3 Nc7 10. Qe2 e6 11. O-O exd5 12. exd5 Re8 13. Qc2 Qc8 14. Kh2 Nh5 15. Rb1
Rb8 16. Ne4 Bf8 17. Ng3 Nxg3 18. fxg3 Bg7 19. Ng5 Rf8 20. Bf4 Ne8 21. Rbe1 Qd8
22. Ne4 Bf5 23. g4 Bxe4 24. Bxe4 b5 25. b3 bxc4 26. bxc4 Rb2 27. Qa4 Qc7 28.
Rb1 Rxb1 29. Rxb1 Qe7 30. Bf3 Be5 31. Bg3 f5 32. gxf5 Rxf5 33. Qd1 Bxg3+ 34.
Kxg3 Qe5+ 35. Kf2 Rf7 36. Qe1 Qd4+ 37. Qe3 Qh4+ 38. g3 Qd8 39. Re1 Ng7 40. Kg2
h5 41. h4 Qf6 42. Bd1 Nf5 43. Qd3 Nxh4+ 44. Kh3 Qf5+ 45. Qxf5 Nxf5 46. Re6 Kg7
47. g4 hxg4+ 48. Bxg4 Rf6 49. Bxf5 gxf5 50. Re7+ Kg6 51. Rxa7 f4 52. Kg2 f3+
53. Kf2 Rf4 54. Rd7 Rxc4 55. Rxd6+ Kf5 56. Kxf3 Rc3+ 57. Ke2 Ke5 58. Rd8 Rxa3
59. d6 Ke6 60. Kd2 Kd5 61. d7 Ra7 62. Kc3 Ra3+ 63. Kb2 Ra7 64. Kc3 Kd6 65. Kc4
Ra4+ 66. Kc3 Ra7 67. Kc4 Ra1 68. Kb3 Rb1+ 69. Kc2 Rb7 70. Kc3 Rxd7 71. Rxd7+
Kxd7 72. Kc4 Kc6 73. Kc3 Kd5 74. Kd3 c4+ 75. Kc3 Kc5 76. Kc2 Kd4 77. Kd2 Kc5
78. Kc3 Kb5 79. Kc2 Kb4 80. Kb2 c3+ 81. Kc2 Kc4 82. Kc1 Kd3 83. Kd1 c2+ 84. Kc1
Kc3 1/2-1/2

[Event "37. Copenhagen Open (Politiken Cup)"]
[Site "Elsinore"]
[Date "2015.07.27"]
[Round "4"]
[White "Hoare, Amy B"]
[Black "Smith, Thijmen"]
[Result "1-0"]
[WhiteElo "2069"]
[BlackElo "2252"]
[PlyCount "83"]
[EventDate "2015.07.25"]
[EventType "swiss"]
[EventRounds "10"]
[EventCountry "DEN"]
[Source "ChessBase"]
[SourceDate "2015.09.14"]

1. e4 c5 2. c3 Nf6 3. e5 Nd5 4. d4 cxd4 5. Nf3 e6 6. cxd4 d6 7. Bc4 Nc6 8. O-O
Be7 9. Re1 O-O 10. a3 Bd7 11. Qd3 Rc8 12. Bd2 a6 13. exd6 Bxd6 14. Nc3 Nxc3 15.
Bxc3 Na5 16. Ba2 Bb5 17. Qe4 Re8 18. d5 e5 19. a4 Bd7 20. Qd3 f6 21. Nh4 b6 22.
Bb1 g6 23. Qg3 Qe7 24. Nf5 Bxf5 25. Bxf5 Rc7 26. Be6+ Kg7 27. h4 Nb3 28. Bxe5
Bxe5 29. Qxb3 Qd6 30. g3 Ree7 31. Re2 Qc5 32. Qd3 Bd6 33. Kg2 a5 34. Ra3 Qc1
35. Rc3 Qa1 36. Rc4 Rxc4 37. Qxc4 Rc7 38. Qb5 Rc1 39. Qd7+ Kh6 40. Qxd6 Rg1+
41. Kf3 Qd1 42. Qf8+ 1-0

[Event "37. Copenhagen Open (Politiken Cup)"]
[Site "Elsinore"]
[Date "2015.07.27"]
[Round "4"]
[White "Hogeman, Joel"]
[Black "Tryggestad, Andreas Garberg"]
[Result "1/2-1/2"]
[WhiteElo "1946"]
[BlackElo "2204"]
[PlyCount "153"]
[EventDate "2015.07.25"]
[EventType "swiss"]
[EventRounds "10"]
[EventCountry "DEN"]
[Source "ChessBase"]
[SourceDate "2015.09.14"]

1. d4 Nf6 2. c4 g6 3. Nc3 d5 4. Bg5 Ne4 5. Bh4 Nxc3 6. bxc3 Bg7 7. e3 O-O 8.
cxd5 Qxd5 9. Bxe7 Re8 10. Bh4 c5 11. Nf3 Bf5 12. Be2 Nc6 13. O-O Rac8 14. Nd2
cxd4 15. Bf3 Qd7 16. cxd4 Nb4 17. Nb3 b6 18. Qd2 Qa4 19. Bd1 Bc2 20. a3 Qxb3
21. Qxb4 Qd3 22. Bxc2 Qxc2 23. a4 Qc6 24. a5 b5 25. a6 Bf8 26. Qb3 b4 27. Bg3
Qb5 28. Qa4 Qxa4 29. Rxa4 b3 30. Raa1 Re6 31. d5 Rb6 32. Be5 b2 33. Rad1 Bg7
34. Bxg7 Kxg7 35. d6 Rd8 36. g3 Rxa6 37. Rd2 Rdxd6 38. Rxb2 Ra3 39. Rb7 Ra2 40.
Rbb1 Rdd2 41. h4 a5 42. Rb7 a4 43. Ra7 Kf6 44. Kg2 Rd3 45. Kf3 Rd5 46. Kg2 Ke6
47. Kg1 Rdd2 48. Kg2 a3 49. Kg1 Re2 50. Kg2 Rxe3 51. Kg1 Ree2 52. Kg2 Red2 53.
Kg1 Rd3 54. Rb1 Rf3 55. Rf1 h6 56. Kg2 Rf5 57. Kg1 Kf6 58. Ra6+ Kg7 59. Ra7 g5
60. hxg5 Rxg5 61. Kg2 Rf5 62. Kh3 Kg6 63. Ra6+ Rf6 64. Ra4 Re6 65. Ra7 Rb6 66.
Rc1 Rb3 67. Rc6+ f6 68. f4 Rd2 69. Raa6 Kf5 70. Rxf6+ Ke4 71. Rxh6 Kf3 72. Rhb6
Rbd3 73. Rb1 Kf2 74. Ra1 Rxg3+ 75. Kh4 Rdd3 76. Ra2+ Kf3 77. R2xa3 1/2-1/2

[Event "37. Copenhagen Open (Politiken Cup)"]
[Site "Elsinore"]
[Date "2015.07.27"]
[Round "4"]
[White "Holm, Henrik"]
[Black "Larsen, Ulrik"]
[Result "0-1"]
[WhiteElo "1766"]
[BlackElo "2005"]
[PlyCount "104"]
[EventDate "2015.07.25"]
[EventType "swiss"]
[EventRounds "10"]
[EventCountry "DEN"]
[Source "ChessBase"]
[SourceDate "2015.09.14"]

1. e4 c5 2. Nc3 Nc6 3. f4 e6 4. Nf3 d6 5. Bc4 Nf6 6. d3 d5 7. exd5 exd5 8. Bb5
Be7 9. Ne5 Qc7 10. O-O O-O 11. Bxc6 bxc6 12. Qf3 Bd6 13. Bd2 Be6 14. Rae1 Rae8
15. h3 Nd7 16. Ng4 h5 17. Nh6+ gxh6 18. Qxh5 Nf6 19. Qxh6 Nh7 20. f5 Bd7 21.
Rxe8 Rxe8 22. f6 Bf8 23. Qh4 Qe5 24. Rf3 Qd4+ 25. Qf2 Qxf2+ 26. Kxf2 Re6 27.
Kg1 Rxf6 28. Rg3+ Rg6 29. Rf3 Re6 30. Kf1 Bd6 31. Be1 Rf6 32. Ke2 Rxf3 33. Kxf3
Ng5+ 34. Ke2 Ne6 35. Bf2 Kg7 36. b3 Kg6 37. a4 Be5 38. Nd1 Nd4+ 39. Kd2 Bf4+
40. Kc3 Ne2+ 41. Kb2 d4 42. Ka3 Kf5 43. Be1 Bc1+ 44. Ka2 Nf4 45. g4+ Kg6 46.
Nf2 f5 47. gxf5+ Bxf5 48. h4 Ng2 49. Ba5 Nxh4 50. b4 Bd2 51. Kb3 Be6+ 52. Ka3
Bc1# 0-1

[Event "37. Copenhagen Open (Politiken Cup)"]
[Site "Elsinore"]
[Date "2015.07.27"]
[Round "4"]
[White "Howell, Alun"]
[Black "Justinussen, Sigurd B"]
[Result "0-1"]
[WhiteElo "1732"]
[BlackElo "1959"]
[PlyCount "70"]
[EventDate "2015.07.25"]
[EventType "swiss"]
[EventRounds "10"]
[EventCountry "DEN"]
[Source "ChessBase"]
[SourceDate "2015.09.14"]

1. Nf3 Nf6 2. d4 d5 3. c4 e6 4. Nc3 c6 5. e3 Be7 6. Bd3 O-O 7. O-O Nbd7 8. Qc2
b6 9. cxd5 cxd5 10. Bd2 Bb7 11. Rac1 Rc8 12. Qb3 Nb8 13. a3 Nc6 14. Na2 Bd6 15.
Nb4 Na5 16. Qa4 Qe7 17. Bb5 Ne4 18. Nc6 Bxc6 19. Bxa5 Bxb5 20. Qxb5 bxa5 21.
Qxa5 Qb7 22. b4 Rxc1 23. Rxc1 Rc8 24. Rf1 a6 25. Qa4 Qb5 26. Qb3 Rc3 27. Qb2
Qc4 28. Nd2 Nxd2 29. Qxd2 Rc2 30. Qd1 h6 31. Qb1 Qa2 32. Qd1 Qc4 33. Re1 Rc3
34. Qb1 Rxa3 35. Rc1 Rc3 0-1

[Event "37. Copenhagen Open (Politiken Cup)"]
[Site "Elsinore"]
[Date "2015.07.27"]
[Round "4"]
[White "Huse, Lars Paul"]
[Black "Fransson, Pia"]
[Result "0-1"]
[WhiteElo "1170"]
[BlackElo "1511"]
[PlyCount "72"]
[EventDate "2015.07.25"]
[EventType "swiss"]
[EventRounds "10"]
[EventCountry "DEN"]
[Source "ChessBase"]
[SourceDate "2015.09.14"]

1. e4 c5 2. Bc4 d6 3. Nc3 Nf6 4. Nf3 g6 5. d3 Bg7 6. O-O O-O 7. Bd2 Nc6 8. Ne2
Na5 9. Bxa5 Qxa5 10. Qd2 Qc7 11. c3 Bd7 12. Nf4 b5 13. Bd5 Nxd5 14. Nxd5 Qd8
15. h3 e6 16. Ne3 Bc6 17. a3 a5 18. Rab1 a4 19. Rfd1 Qc7 20. g3 Rfd8 21. Qe2 d5
22. Nc2 dxe4 23. dxe4 Qb7 24. Re1 Rd7 25. Nh2 Rad8 26. Ne3 Bxe4 27. Rbd1 Bc6
28. Rxd7 Rxd7 29. Nhg4 b4 30. f4 bxc3 31. Ne5 Rd2 32. Qc4 Bxe5 33. fxe5 cxb2
34. Rb1 Be4 35. Nf1 Rg2+ 36. Kh1 Rc2+ 0-1

[Event "37. Copenhagen Open (Politiken Cup)"]
[Site "Elsinore"]
[Date "2015.07.27"]
[Round "4"]
[White "Huse, Sigurd Kjelsbol"]
[Black "Shehzad, Shazil"]
[Result "1-0"]
[WhiteElo "1715"]
[BlackElo "1479"]
[PlyCount "69"]
[EventDate "2015.07.25"]
[EventType "swiss"]
[EventRounds "10"]
[EventCountry "DEN"]
[Source "ChessBase"]
[SourceDate "2015.09.14"]

1. e4 c5 2. Nf3 e6 3. d4 cxd4 4. Nxd4 Nc6 5. Nb5 Nf6 6. N1c3 a6 7. Nd6+ Bxd6 8.
Qxd6 Qe7 9. Qxe7+ Nxe7 10. Bg5 Nfg8 11. O-O-O h6 12. Bf4 Ng6 13. Bd6 b5 14. a4
bxa4 15. Nxa4 Bb7 16. Nb6 Rc8 17. Nxc8 Bxc8 18. b4 N8e7 19. Kb2 O-O 20. Ra1 Bb7
21. Bxa6 Bxe4 22. f3 Bd5 23. c4 Ba8 24. b5 Rd8 25. b6 Nf5 26. Bc7 Re8 27. b7
Bxb7 28. Bxb7 Re7 29. Be4 Ne3 30. Ra8+ Kh7 31. Bxg6+ Kxg6 32. Kc3 d5 33. Bd6
Rd7 34. c5 Nc4 35. Ra6 1-0

[Event "37. Copenhagen Open (Politiken Cup)"]
[Site "Elsinore"]
[Date "2015.07.27"]
[Round "4"]
[White "Ivarsson, Torbjorn"]
[Black "Smeby, Ole"]
[Result "1-0"]
[WhiteElo "2100"]
[BlackElo "1895"]
[PlyCount "125"]
[EventDate "2015.07.25"]
[EventType "swiss"]
[EventRounds "10"]
[EventCountry "DEN"]
[Source "ChessBase"]
[SourceDate "2015.09.14"]

1. e4 d5 2. exd5 Qxd5 3. Nf3 Bg4 4. Be2 c6 5. d4 Nf6 6. c4 Qa5+ 7. Nc3 e6 8. h3
Bxf3 9. Bxf3 Be7 10. O-O O-O 11. Qe2 Re8 12. Bf4 Nbd7 13. Rfe1 Nf8 14. a3 Ng6
15. Be5 Nxe5 16. dxe5 Nd7 17. b4 Qc7 18. Ra2 Red8 19. Bg4 a5 20. Rb2 axb4 21.
axb4 Ra3 22. Nb1 Ra4 23. c5 b6 24. Nc3 Ra3 25. cxb6 Nxb6 26. Qc2 Nc4 27. Rbb1
Raa8 28. Qe2 Nb6 29. Bf3 Nd5 30. Qc4 Qb6 31. b5 Rac8 32. Na4 Qb7 33. b6 Ra8 34.
Rec1 Rdc8 35. Nc5 Bxc5 36. Qxc5 Ra6 37. Bxd5 exd5 38. Rc3 h6 39. Kh2 Rb8 40.
Rcb3 Rd8 41. Ra3 Rxa3 42. Qxa3 d4 43. Qa7 Rd7 44. Qxb7 Rxb7 45. Kg3 c5 46. Kf3
c4 47. Ke4 d3 48. Ke3 Kf8 49. Kd2 Ke7 50. Kc3 Kd7 51. Kxc4 Kc6 52. Kxd3 Rxb6
53. Rxb6+ Kxb6 54. Ke4 Kc6 55. Kf5 Kd7 56. h4 h5 57. e6+ Ke7 58. exf7 Kxf7 59.
Kg5 g6 60. f4 Kg7 61. f5 gxf5 62. Kxf5 Kh6 63. Kf6 1-0

[Event "37. Copenhagen Open (Politiken Cup)"]
[Site "Elsinore"]
[Date "2015.07.27"]
[Round "4"]
[White "Jarlnaes, Erik"]
[Black "Dalsberg, Sandra de Blecourt"]
[Result "0-1"]
[WhiteElo "1892"]
[BlackElo "2157"]
[PlyCount "148"]
[EventDate "2015.07.25"]
[EventType "swiss"]
[EventRounds "10"]
[EventCountry "DEN"]
[Source "ChessBase"]
[SourceDate "2015.09.14"]

1. e4 e6 2. d4 d5 3. Nc3 Nf6 4. exd5 exd5 5. Nf3 Bg4 6. Be2 c6 7. Bf4 Bd6 8.
Bxd6 Qxd6 9. h3 Bh5 10. Ne5 Bg6 11. Nxg6 hxg6 12. Bf3 Nbd7 13. Qe2+ Kd8 14.
O-O-O Kc7 15. Rhe1 Rhe8 16. Qd2 Nb6 17. g3 Nc4 18. Qf4 Qxf4+ 19. gxf4 Rxe1 20.
Rxe1 Kd6 21. b3 Nb6 22. Re3 Nc8 23. Ne2 Ne7 24. Bg4 Ne4 25. f3 Nf2 26. Ng3 f5
27. Re2 fxg4 28. Rxf2 gxh3 29. Rh2 Rh8 30. c3 Ke6 31. Ne2 Kf5 32. Kd2 g5 33.
Ke3 Kf6 34. Ng1 Nf5+ 35. Kd3 gxf4 36. Rxh3 Rh4 37. Rxh4 Nxh4 38. Ke2 Kf5 39.
Nh3 Ng6 40. Kd3 Nh4 41. Ke2 Ng2 42. Nf2 Ne3 43. Nd3 g5 44. Ne5 g4 45. fxg4+
Nxg4 46. Nf3 Nf6 47. Ne5 Ne4 48. c4 Nc3+ 49. Kf3 Nxa2 50. cxd5 cxd5 51. Nd3 a5
52. Nxf4 Nb4 53. Ne2 Nc2 54. Ng3+ Ke6 55. Ne2 b5 56. Nc3 b4 57. Ne2 Na1 58. Nc1
Kf5 59. Ke3 Nc2+ 60. Kd3 Ne1+ 61. Ke2 Ng2 62. Kf3 Nf4 63. Ke3 Kg4 64. Na2 Kg3
65. Nc1 Ng2+ 66. Ke2 Kf4 67. Nd3+ Ke4 68. Nc5+ Kxd4 69. Nb7 Kc3 70. Nxa5 d4 71.
Nc4 d3+ 72. Kf2 Kxb3 73. Na5+ Kc3 74. Kxg2 d2 0-1

[Event "37. Copenhagen Open (Politiken Cup)"]
[Site "Elsinore"]
[Date "2015.07.27"]
[Round "4"]
[White "Jensen, Ib"]
[Black "Olsen, Aage Dalstrup"]
[Result "1-0"]
[WhiteElo "1948"]
[BlackElo "1735"]
[PlyCount "69"]
[EventDate "2015.07.25"]
[EventType "swiss"]
[EventRounds "10"]
[EventCountry "DEN"]
[Source "ChessBase"]
[SourceDate "2015.09.14"]

1. d4 Nf6 2. Nf3 g6 3. Bf4 Bg7 4. e3 O-O 5. Be2 d6 6. h3 Nc6 7. c4 Nh5 8. Bh2
f5 9. Nc3 e5 10. d5 Ne7 11. Qb3 h6 12. Rc1 b6 13. Nd2 Nf6 14. a4 Nd7 15. Qc2 a5
16. Nb5 Nc5 17. Nb3 Nxa4 18. Ra1 Nc5 19. Nxc5 dxc5 20. Rd1 Bb7 21. d6 cxd6 22.
Rxd6 Qc8 23. O-O Rd8 24. Rfd1 Rxd6 25. Rxd6 Bc6 26. Qd2 Kf8 27. Bf3 Bxf3 28.
gxf3 Rb8 29. Rd7 Bf6 30. Na7 Qe8 31. Qd6 Kf7 32. Nc6 Rc8 33. Nxe5+ Bxe5 34.
Bxe5 Rc6 35. Qxc6 1-0

[Event "37. Copenhagen Open (Politiken Cup)"]
[Site "Elsinore"]
[Date "2015.07.27"]
[Round "4"]
[White "Jensen, Morten Frank"]
[Black "Arbeus, Carl Johan"]
[Result "1-0"]
[WhiteElo "2028"]
[BlackElo "1779"]
[PlyCount "65"]
[EventDate "2015.07.25"]
[EventType "swiss"]
[EventRounds "10"]
[EventCountry "DEN"]
[Source "ChessBase"]
[SourceDate "2015.09.14"]

1. e4 c5 2. Nf3 d6 3. Nc3 Nf6 4. e5 dxe5 5. Nxe5 Nc6 6. Bb5 Bd7 7. Nxd7 Qxd7 8.
O-O e6 9. d3 Be7 10. a3 O-O 11. Bg5 Nd5 12. Bxe7 Ndxe7 13. Qh5 b6 14. Rad1 a6
15. Bc4 Nd4 16. Rd2 b5 17. Ba2 Rac8 18. Ne4 Qc7 19. c3 Ndf5 20. Rfd1 Ng6 21.
Ng5 h6 22. Nxe6 fxe6 23. Bxe6+ Kh8 24. Bxc8 Nf4 25. Qg4 Ne7 26. Qd7 Qe5 27. d4
Qe4 28. Bb7 Ned5 29. Bxd5 Nxd5 30. dxc5 Nf4 31. f3 Qe3+ 32. Kh1 Re8 33. Qxe8+
1-0

[Event "37. Copenhagen Open (Politiken Cup)"]
[Site "Elsinore"]
[Date "2015.07.27"]
[Round "4"]
[White "Jensen, Tobias Ilsoe"]
[Black "Fossan, Aleksander"]
[Result "1-0"]
[WhiteElo "2014"]
[BlackElo "1798"]
[PlyCount "127"]
[EventDate "2015.07.25"]
[EventType "swiss"]
[EventRounds "10"]
[EventCountry "DEN"]
[Source "ChessBase"]
[SourceDate "2015.09.14"]

1. d4 Nf6 2. c4 g6 3. Nc3 d5 4. Bf4 Bg7 5. e3 c5 6. dxc5 Qa5 7. Qa4+ Qxa4 8.
Nxa4 Na6 9. cxd5 Nxd5 10. O-O-O Bd7 11. Bxa6 bxa6 12. Rxd5 Bxa4 13. Nf3 Rc8 14.
Be5 f6 15. Bc3 Bc6 16. Rd3 Bb5 17. Rd5 Bc4 18. Rd2 Rxc5 19. Bd4 Rc7 20. Rc2 e5
21. Bxe5 fxe5 22. b3 Ke7 23. Rxc4 Rxc4+ 24. bxc4 Rc8 25. Nd2 Rc5 26. Kb2 Kd7
27. Rc1 Rc8 28. Ne4 Kc6 29. Rc3 Rd8 30. Ra3 Kb6 31. Rb3+ Kc6 32. Kc2 Bf8 33.
Rd3 Rb8 34. Rb3 Rd8 35. Nd2 Bd6 36. Rd3 Rb8 37. Ne4 Bf8 38. f3 Rb4 39. c5 Ra4
40. Kb3 Ra5 41. a4 Bxc5 42. Rc3 Kb6 43. Nxc5 Rxc5 44. Rxc5 Kxc5 45. Kc3 a5 46.
g3 Kd5 47. e4+ Kd6 48. Kc4 a6 49. f4 h5 50. h4 exf4 51. gxf4 Kc6 52. e5 Kd7 53.
Kd5 Kc7 54. Ke6 Kc6 55. Kf7 Kd5 56. e6 g5 57. fxg5 Ke5 58. e7 Kf4 59. e8=Q Kf5
60. g6 Kg4 61. g7 Kxh4 62. g8=Q Kh3 63. Qe4 h4 64. Qh1# 1-0

[Event "37. Copenhagen Open (Politiken Cup)"]
[Site "Elsinore"]
[Date "2015.07.27"]
[Round "4"]
[White "Jepsen, Thomas Tange"]
[Black "Pedersen, Carl Aage"]
[Result "1-0"]
[WhiteElo "2115"]
[BlackElo "1778"]
[PlyCount "53"]
[EventDate "2015.07.25"]
[EventType "swiss"]
[EventRounds "10"]
[EventCountry "DEN"]
[Source "ChessBase"]
[SourceDate "2015.09.14"]

1. d4 d5 2. c4 e6 3. Nc3 Nf6 4. Bg5 Nbd7 5. e3 Be7 6. Nf3 h6 7. Bh4 O-O 8. Qc2
c6 9. a3 b6 10. Bd3 Bb7 11. O-O Rc8 12. cxd5 Nxd5 13. Bxe7 Qxe7 14. Qa4 Nxc3
15. bxc3 a6 16. Nd2 c5 17. Be4 Bxe4 18. Nxe4 Ra8 19. Rfc1 b5 20. Qa5 Rfc8 21.
a4 f5 22. Nd2 cxd4 23. exd4 e5 24. Re1 bxa4 25. Rxa4 e4 26. Qxf5 Rxc3 27. Qd5+
1-0

[Event "37. Copenhagen Open (Politiken Cup)"]
[Site "Elsinore"]
[Date "2015.07.27"]
[Round "4"]
[White "Jernselius, Kjell"]
[Black "Poulsen, Iver"]
[Result "0-1"]
[WhiteElo "1768"]
[BlackElo "2119"]
[PlyCount "110"]
[EventDate "2015.07.25"]
[EventType "swiss"]
[EventRounds "10"]
[EventCountry "DEN"]
[Source "ChessBase"]
[SourceDate "2015.09.14"]

1. b4 e6 2. Bb2 Nf6 3. b5 a6 4. c4 d5 5. e3 dxc4 6. Bxc4 axb5 7. Bxb5+ Bd7 8.
Qb3 Bxb5 9. Qxb5+ Nbd7 10. Nf3 c6 11. Qc4 Qb6 12. Bxf6 Nxf6 13. O-O Qa6 14. Rc1
Bd6 15. a4 Qxc4 16. Rxc4 Kd7 17. Nc3 b5 18. Rd4 Ke7 19. Ng5 Be5 20. Rb4 Bxc3
21. dxc3 Nd5 22. Rb3 Ra7 23. e4 Nb6 24. a5 Nc4 25. a6 Rha8 26. f4 Rxa6 27. Rxa6
Rxa6 28. Nxh7 f6 29. e5 Ra8 30. exf6+ gxf6 31. h4 Rh8 32. Ng5 fxg5 33. hxg5 Ra8
34. Kf2 Rf8 35. g3 e5 36. Rb1 exf4 37. Re1+ Kd6 38. g4 Ne5 39. Rd1+ Kc5 40. Rg1
Rg8 41. g6 Rxg6 42. g5 Kc4 43. Rb1 Kxc3 44. Rc1+ Kd2 45. Ra1 b4 46. Ra5 Rxg5
47. Ra4 c5 48. Ra5 b3 49. Ra3 c4 50. Ra1 b2 51. Rb1 c3 52. Rh1 Nd3+ 53. Kf3
Rg3+ 54. Ke4 Nf2+ 55. Kxf4 Nxh1 0-1

[Event "37. Copenhagen Open (Politiken Cup)"]
[Site "Elsinore"]
[Date "2015.07.27"]
[Round "4"]
[White "Johannesen, Lars Peter Meldgaar"]
[Black "Fjallheim, Leif Reinert"]
[Result "1/2-1/2"]
[WhiteElo "1718"]
[BlackElo "1530"]
[PlyCount "156"]
[EventDate "2015.07.25"]
[EventType "swiss"]
[EventRounds "10"]
[EventCountry "DEN"]
[Source "ChessBase"]
[SourceDate "2015.09.14"]

1. e4 e5 2. Nf3 Nc6 3. Bc4 Bc5 4. Nc3 Nf6 5. d3 d6 6. h3 Be6 7. Nd5 Bxd5 8.
Bxd5 Nxd5 9. exd5 Ne7 10. c4 Nf5 11. Ng5 h6 12. Qa4+ Ke7 13. Ne4 Bd4 14. Ke2
Qd7 15. Qc2 c6 16. dxc6 Qxc6 17. g4 Nh4 18. Be3 Bxe3 19. fxe3 d5 20. Nd2 dxc4
21. dxc4 Qg2+ 22. Kd3 Nf3 23. Nxf3 Qxf3 24. Rae1 e4+ 25. Kc3 b5 26. Qe2 Qf6+
27. Kc2 bxc4 28. Rhf1 Qa6 29. Rf4 Qa4+ 30. Kb1 c3 31. Qg2 c2+ 32. Qxc2 Qxc2+
33. Kxc2 Rhc8+ 34. Kb1 Rc4 35. Rc1 Rxc1+ 36. Kxc1 Rc8+ 37. Kd2 Rc4 38. b3 Rb4
39. Kc3 Rb6 40. Rxe4+ Re6 41. Kd4 Kd6 42. Rf4 Re7 43. Rf5 f6 44. Ra5 Kc6 45.
Rc5+ Kd6 46. b4 Rb7 47. a3 Rf7 48. b5 Rb7 49. Rc6+ Kd7 50. Kc5 Ke7 51. a4 Kd8
52. Rd6+ Kc7 53. Re6 Kd7 54. Rd6+ Kc7 55. Rc6+ Kd8 56. a5 Kd7 57. Rd6+ Kc7 58.
b6+ axb6+ 59. axb6+ Kc8 60. Kc6 Re7 61. Rd3 Re6+ 62. Rd6 Re7 63. Rd3 Re6+ 64.
Kb5 Re5+ 65. Ka6 Re7 66. Rc3+ Kb8 67. Rb3 Re6 68. Kb5 Rd6 69. Kc5 Re6 70. Rd3
Re8 71. Kc6 Rc8+ 72. Kd7 Kb7 73. Rb3 Rc1 74. Ke7 Rd1 75. Ke6 Rd8 76. Ke7 Rd1
77. Kf7 Rd7+ 78. Kg6 Re7 1/2-1/2

[Event "37. Copenhagen Open (Politiken Cup)"]
[Site "Elsinore"]
[Date "2015.07.27"]
[Round "4"]
[White "Karlsson, Ulf"]
[Black "Rendlev, Niels Moller"]
[Result "1-0"]
[WhiteElo "2041"]
[BlackElo "1785"]
[PlyCount "93"]
[EventDate "2015.07.25"]
[EventType "swiss"]
[EventRounds "10"]
[EventCountry "DEN"]
[Source "ChessBase"]
[SourceDate "2015.09.14"]

1. e4 e6 2. d3 c5 3. g3 Nc6 4. Bg2 g6 5. Nc3 Bg7 6. f4 d6 7. Nf3 Nf6 8. h3 Nh5
9. Ne2 Qb6 10. g4 Nf6 11. c3 h5 12. g5 Ng8 13. Nh4 Nge7 14. Ng3 Bd7 15. Qe2
O-O-O 16. Be3 d5 17. Qc2 d4 18. Bf2 Kb8 19. O-O Bc8 20. c4 f6 21. Nf3 e5 22.
Ne2 fxg5 23. Nxg5 Rdf8 24. Bg3 Ka8 25. Nf3 Qc7 26. fxe5 Nxe5 27. Ng5 N7c6 28.
Nf4 Nb4 29. Qd2 h4 30. Bh2 Qe7 31. Nd5 Nxd5 32. exd5 Bh6 33. Qe2 Bxg5 34. Qxe5
Be3+ 35. Kh1 Qxe5 36. Bxe5 Rhg8 37. Bd6 Re8 38. Bxc5 Bf5 39. Rad1 Rc8 40. Be7
Rce8 41. d6 Rh8 42. b4 Kb8 43. a4 Bd7 44. Ra1 g5 45. c5 g4 46. hxg4 Bc6 47. b5
1-0